Východiska technického a organizačního zabezpečení ochrany obyvatelstva /

Hlavní autor: Řehák, David, 1978-
Další autoři: Folwarczny, Libor, 1969-2022
Jazyk: Čeština
Vydáno: V Ostravě : Sdružení požárního a bezpečnostního inženýrství, 2012
Vydání: 1. vyd.
Edice: Spektrum (Sdružení požárního a bezpečnostního inženýrství). Modrá řada
Témata:
Fyzický popis: 89 s. : il. ; 21 cm
Knihy
Uloženo v:
LEADER 02034nam a2200529 a 4500
001 nkc20132469245
003 CZ PrNK
005 20190524155203.0
007 ta
008 130621s2012 xr a f 000 0 cze
015 |a cnb002469245 
020 |a 978-80-7385-117-0  |q (brož.) 
035 |a (OCoLC)855465450 
040 |a OLA001  |b cze  |d ABA001 
043 |a e-xr--- 
072 7 |a 351  |x Úkoly veřejné správy, správní opatření, legislativa  |2 Konspekt  |9 15 
080 |a 351.862  |2 MRF 
080 |a 355.588  |2 MRF 
080 |a 005.931  |2 MRF 
080 |a 614.8  |2 MRF 
080 |a (437.3)  |2 MRF 
080 |a (048.8)  |2 MRF 
100 1 |a Řehák, David,  |d 1978-  |7 mzk2005299325  |4 aut 
245 1 0 |a Východiska technického a organizačního zabezpečení ochrany obyvatelstva /  |c David Řehák, Libor Folwarczny 
250 |a 1. vyd. 
260 |a V Ostravě :  |b Sdružení požárního a bezpečnostního inženýrství,  |c 2012 
300 |a 89 s. :  |b il. ;  |c 21 cm 
490 1 |a SPBI Spektrum. Modrá řada ;  |v 19 
504 |a Obsahuje bibliografii 
650 0 7 |a civilní ochrana  |7 ph119252  |z Česko  |2 czenas 
650 0 7 |a kryty civilní ochrany  |7 ph159648  |2 czenas 
650 0 7 |a krizový management  |7 ph121964  |2 czenas 
650 0 7 |a bezpečnostní inženýrství  |7 ph159646  |2 czenas 
650 0 9 |a civil defense  |z Czechia  |2 eczenas 
650 0 9 |a civil defence shelters  |2 eczenas 
650 0 9 |a crisis management  |2 eczenas 
650 0 9 |a safety engineering  |2 eczenas 
655 7 |a monografie  |7 fd132842  |2 czenas 
655 9 |a monographs  |2 eczenas 
700 1 |a Folwarczny, Libor,  |d 1969-2022  |7 jx20070413004  |4 aut 
830 0 |a Spektrum (Sdružení požárního a bezpečnostního inženýrství).  |p Modrá řada  |0 s 
910 2 |a BOA001  |b 2-1303.941 
990 |a BK 
995 |a 01 
991 |b 201307  |c NOV  |e n 
996 6 |b 2610554296  |c 2-1303.941  |l MZK  |r Sklad / do 1 hodiny  |n 5  |p p.v.  |w 001340305  |u 000010  |a 1  |e BOA001  |j MZK50  |s P 
996 7 |b 2610559859  |c 2-1303.941  |l MZK  |r Sklad / do 1 hodiny  |n 8  |p kup  |w 001340305  |u 000020  |a 1  |e BOA001  |j MZK50  |s A